Warrior Cats by Emojis #1 - Statistics

General Stats
  • This quiz has been taken 212 times
  • The average score is 9 of 15
Answer Stats
Emojis Answer % Correct
πŸ”₯⭐ Firestar
100%
🦁❀️ Lionheart
99%
πŸ•ŠοΈπŸͺ½ Dovewing
95%
πŸ«πŸ‘ƒ Berrynose
82%
πŸƒβ€β™‚οΈπŸ’¨ Runningwind
79%
πŸŸ¨πŸ§› Yellowfang
73%
πŸƒπŸŽ± Leafpool
66%
πŸͺ¨ Rock
66%
πŸπŸ–οΈ Mapleshade
51%
πŸ‘οΈ One Eye
47%
πŸ₯ˆπŸŒŠ Silverstream
41%
πŸͺ‘πŸ“– Needletail
39%
πŸ‘‘πŸ©Έ Scourge
35%
🏎️🐾 Swiftpaw
32%
😎❀️ Brightheart
15%
No matching quizzes found
Score Distribution
Percent of People with Each Score
Percentile by Number Answered
Your Score History
You have not taken this quiz